Online
Catalog

Los romances de America, y otros estudios. (Record no. 19203)

MARC details
000 -CABECERA
campo de control de longitud fija 01057cam a22002651 4500
001 - NÚMERO DE CONTROL
campo de control 000019688
005 - FECHA Y HORA DE LA ÚLTIMA TRANSACCIÓN
campo de control 20200929170114.0
008 - DATOS DE LONGITUD FIJA--INFORMACIÓN GENERAL
campo de control de longitud fija 770805s1939 ag 000 0 spa
010 ## - NÚMERO DE CONTROL DE LA BIBLIOTECA DEL CONGRESO
Número de control de LC 40001821
035 ## - NÚMERO DE CONTROL DEL SISTEMA
Número de control de sistema (OCoLC)3163074
040 ## - FUENTE DE LA CATALOGACIÓN
Centro catalogador/agencia de origen DO-SdBNP
Centro/agencia transcriptor VtMiM
Centro/agencia modificador OCoLC
-- DLC
042 ## - CÓDIGO DE AUTENTICACIÓN
Código de autenticación premarc
050 00 - SIGNATURA TOPOGRÁFICA DE LA BIBLIOTECA DEL CONGRESO
Número de clasificación PQ6089
Número de documento/Ítem .M33
082 ## - NÚMERO DE LA CLASIFICACIÓN DECIMAL DEWEY
Número de clasificación 861.04
100 2# - ENTRADA PRINCIPAL--NOMBRE DE PERSONA
Nombre de persona Menendez Pidal, Ramon,
Fechas asociadas al nombre 1869-1968.
9 (RLIN) 3902
245 14 - MENCIÓN DE TÍTULO
Título Los romances de America, y otros estudios.
260 ## - PUBLICACIÓN, DISTRIBUCIÓN, ETC.
Lugar de publicación, distribución, etc. Buenos Aires-
-- Mexico, :
Nombre del editor, distribuidor, etc. Espasa-Calpe argentina, s.a.,
Fecha de publicación, distribución, etc. [1939].
300 ## - DESCRIPCIÓN FÍSICA
Extensión 2 p. l., 7-187 p., 1 l. ;
Dimensiones 18 cm.
490 0# - MENCIÓN DE SERIE
Mención de serie Coleccion austral. [55]
505 0# - NOTA DE CONTENIDO CON FORMATO
Nota de contenido con formato Los romances tradicionales en America.--Poesia popular y poesia tradicional en la literatura espanola.--Los origenes del romancero.--Un nuevo romance fronterizo.--El lenguaje del siglo XVI.
650 #0 - PUNTO DE ACCESO ADICIONAL DE MATERIA--TÉRMINO DE MATERIA
Término de materia o nombre geográfico como elemento de entrada Spanish ballads and songs
Subdivisión general History and criticism.
9 (RLIN) 42134
650 #0 - PUNTO DE ACCESO ADICIONAL DE MATERIA--TÉRMINO DE MATERIA
Término de materia o nombre geográfico como elemento de entrada Latin-american ballads and songs
Subdivisión general History and criticism.
9 (RLIN) 42135
650 #0 - PUNTO DE ACCESO ADICIONAL DE MATERIA--TÉRMINO DE MATERIA
Término de materia o nombre geográfico como elemento de entrada Ballads.
9 (RLIN) 42136
910 ## - DATOS DE OPCIÓN DEL USUARIO (OCLC)
Datos de opción del usuario Catalogación derivada / LC
Holdings
Estado de retiro Estado de pérdida Restricciones de uso No para préstamo Código de colección Localización permanente Ubicación/localización actual Ubicación en estantería Fecha de adquisición Número de inventario Total de préstamos Signatura topográfica completa Código de barras Fecha visto por última vez Precio válido a partir de Tipo de ítem Koha
      Excluido de préstamo Monografías: Libros y Folletos General General En catalogación 02.07.2010 LF1   861.04 19688-10 25.06.2020 25.06.2020 No se presta

Powered by Koha